00241nam a2200109Ia 4500008004100000100003200041245001300073260000900086650001200095942000700107999001700114190216s9999||||xx |||||||||||||| ||und|| aChangampuzha Krishan Pillai 0aYavanika bNull aKavitha cBK c25114d25114